Korean language

Salvato in:
Dettagli Bibliografici
Natura: Libro
Lingua:spagnolo
Pubblicazione: Seúl Yansei University 1993
Soggetti:
Tags: Aggiungi Tag
Nessun Tag, puoi essere il primo ad aggiungerne!!

MARC

LEADER 00000nam a2200000 a 4500
001 UCR8957
003 CL-VaPUC
008 980605e19930000KO |||||||||||||||||spa|d
082 0 4 |a 495.75  |b KOR  |2 21 
245 1 0 |a Korean language 
300 |a 194 h 
942 |c BK 
945 |d 19980605 00:00:00  |a mvenant 
260 |a Seúl  |b Yansei University  |c 1993 
650 7 |a COREANO  |2 CL-VaPUC  |9 411031 
650 0 |a Gramática  |9 270497 
650 0 |a Enseñanza de idiomas  |9 339820 
583 |a last modification  |c 20170823 04:37:30  |k Rodrigo Vera 
999 |c 270221  |d 270219 
952 |0 0  |1 0  |4 0  |6 495_750000000000000_KOR_1993  |7 0  |8 A  |9 304374  |a BIBGIM  |b BIBGIM  |d 2019-11-20  |i 3431924  |l 1  |o 495.75 KOR 1993  |p 3431924  |r 2025-01-15  |s 2023-03-30  |w 2019-11-20  |y BK  |k ORI